000
00290nam a22001217a 4500
082
_a
510
_b
SPI
_c
L-2, P-75
100
_a
Spiegei
_9
38945
245
_a
Mathematical Handbook
_c
Spiegei
260
_c
1968
526
_a
0
_b
0
_c
0
_d
510_000000000000000_SPI
650
_a
MCE
_9
379
942
_2
ddc
_c
BK
999
_c
543551
_d
543551